000 00328pab a2200145 454500
008 180718b1988 xxu||||| |||| 00| 0 eng d
100 _aRanjan, Subhanshu
245 _aFreedom and accountability
260 _c1988
300 _a16-17
362 _a2 Jan.
650 _aCivil Liberties
773 _aMainstream
909 _a5637
999 _c5637
_d5637